000 00276nam a2200121Ia 4500
008 190216s9999||||xx |||||||||||||| ||und||
100 _aJoshi B N
245 4 _aThe Eternal Flame
260 _bMacmillan India Ltd
_c1982
300 _a146p
650 _aBiography
942 _cBK
999 _c13075
_d13075